00405nam a2200133Ia 4500008004100000082001400041100002100055245003600076260001800112600002000130942000700150952009700157999001700254241002s9999 xx 000 0 und d a303.4 RHO aRhodes, Clifford 0aAuthority in a changing society aLondon:c1969 aSocial Sciences cUC 00104070aUITUbUITUd1994-01-01l0o303.4 RHOpUC567r2024-10-02 09:31:23w2024-10-02yUC c18894d18894